Our police heritage (Record no. 542761)
[ view plain ]
| 000 -LEADER | |
|---|---|
| fixed length control field | 00401nam a22001337a 4500 |
| 082 ## - DEWEY DECIMAL CLASSIFICATION NUMBER | |
| Classification number | 363.2954 |
| Author Mark | RAZ |
| -- | L-28, P-42 |
| 100 ## - MAIN ENTRY--PERSONAL NAME | |
| Personal name | Razvi, Nazir Ahmad., |
| 9 (RLIN) | 38085 |
| 245 ## - TITLE STATEMENT | |
| Title | Our police heritage |
| Statement of responsibility, etc. | Nazir Ahmad Razvi. |
| 260 ## - PUBLICATION, DISTRIBUTION, ETC. | |
| Place of publication, distribution, etc. | Lahore: |
| Name of publisher, distributor, etc. | Wapda Printing Press, Sunny View Estate, |
| Date of publication, distribution, etc. | 1961. |
| 300 ## - PHYSICAL DESCRIPTION | |
| Extent | 204 p.: |
| Other physical details | ill.; |
| 526 ## - STUDY PROGRAM INFORMATION NOTE | |
| Program name | 0 |
| Interest level | 0 |
| Reading level | 0 |
| Title point value | 363_295400000000000_RAZ |
| 650 ## - SUBJECT ADDED ENTRY--TOPICAL TERM | |
| Topical term or geographic name entry element | MCE |
| 9 (RLIN) | 379 |
| 942 ## - ADDED ENTRY ELEMENTS (KOHA) | |
| Source of classification or shelving scheme | |
| Koha item type | Book |
| Withdrawn status | Lost status | Source of classification or shelving scheme | Damaged status | Not for loan | Permanent Location | Current Location | Date acquired | Total Checkouts | Full call number | Barcode | Date last seen | Price effective from | Koha item type |
|---|---|---|---|---|---|---|---|---|---|---|---|---|---|
| Military College of Engineering (MCE) | Military College of Engineering (MCE) | 02/17/2014 | 363.2954 RAZ | MCE-2063 | 02/17/2014 | 02/17/2014 | Book |
